BDE ENSE3 depuis 2008 - Statistiques

Statistiques générales
  • Ce quiz a été pris 9 fois
  • Le résultat moyen est 4 sur 17
Statistiques - réponses
Hint Réponse % Correct
2024 KIS
100%
2023 TYM
100%
2022 JUK
75%
2021 VLA
38%
2020 DEN
25%
2012 BY
13%
2011 COOL DE S'OURS
13%
2008 CUITE OU DOUBLE
13%
2018 DOK
13%
2009 HAPPY H'OURS
13%
2019 SAN
13%
2015 TAZ
13%
2013 BIG BROTH'OURS
0%
2017 GRIZ
0%
2010 OFF C'OURS
0%
2016 OSS
0%
2014 Y'SO
0%
Aucun quiz correspondant
Distribution des résultats
% des personnes avec chaque résultat
Percentile par nombre de réponses
Votre historique - résultats
Vous n’avez pas pris ce quiz